000
00324nam a2200145Ia 4500
100
_a
Brink & Czernik/ Horve
942
_c
RB
654
_a
fluid sealing
245
_a
Hand Book Of Fluid Sealing
260
_b
Mc Graw Hill
_a
New York
_c
1993
082
_a
621.885
_b
BRI
300
_a
170
546
_a
ENGLISH
999
_c
31167
_d
31167